[Event "Mumbai Mayors Cup 1st"]
[Site "Mumbai"]
[Date "2008.05.14"]
[Round "5"]
[White "Padmini, Rout"]
[Black "Hegde, Naveen"]
[Result "1-0"]
[WhiteElo "2238"]
[BlackElo "2054"]
[PlyCount "94"]
[EventDate "2008.05.11"]
[EventType "swiss"]
[EventRounds "11"]
[EventCountry "IND"]
[SourceTitle "CBM 124 Extra"]
[Source "ChessBase"]
[SourceDate "2008.07.03"]
[SourceVersion "1"]
[SourceVersionDate "2008.07.03"]
[SourceQuality "1"]

1. e4 e5 2. Nf3 Nc6 3. Bb5 a6 4. Ba4 Nf6 5. 0-0 Be7 6. Re1 b5 7. Bb3 0-0 8. h3 Bb7 9. d3 d5 10. exd5 Nxd5 11. Nxe5 Nxe5 12. Rxe5 Qd6 13. Re1 c5 14. c4 Nb4 15. Nc3 Rad8 16. Nd5 Nxd5 17. cxd5 Bf6 18. Qc2 Bxd5 19. Bxd5 Qxd5 20. Be3 Rc8 21. Qb3 c4 22. dxc4 bxc4 23. Qc2 Rb8 24. Rab1 Rfc8 25. Re2 Qb5 26. Bf4 Rb6 27. Rbe1 h6 28. Be5 Re6 29. Bxf6 Rxf6 30. Re4 Rg6 31. R1e3 Qd5 32. Re8+ Rxe8 33. Rxe8+ Kh7 34. g3 Qd7 35. Re4 Qxh3 36. Rxc4 f5 37. Rc6 Rg5 38. Rxa6 Rh5 39. Qc6 Qg4 40. Qd5 Qe2 41. Re6 Qxb2 42. Re1 Qc2 43. Rd1 Qe2 44. a4 Rg5 45. Qd3 Qe5 46. Qd4 Qa5 47. Qd7 f4 1-0